Thomas Francis Galwey papers, (Record no. 43113)

MARC details
000 -LEADER
fixed length control field 01108cpcaa2200277 4500
001 - CONTROL NUMBER
control field mm 81021873
003 - CONTROL NUMBER IDENTIFIER
control field DLC
005 - DATE AND TIME OF LATEST TRANSACTION
control field 20260227111707.0
008 - FIXED-LENGTH DATA ELEMENTS--GENERAL INFORMATION
fixed length control field 810512|||||||||||| eng
010 ## - LIBRARY OF CONGRESS CONTROL NUMBER
LC control number mm 81021873
040 ## - CATALOGING SOURCE
Original cataloging agency DLC
Transcribing agency DLC
Description conventions dacs
Modifying agency DLC
072 #7 - SUBJECT CATEGORY CODE
Subject category code W
Source lcmd
100 1# - MAIN ENTRY--PERSONAL NAME
Personal name Galwey, Thomas Francis,
Dates associated with a name 1846-1913.
245 00 - TITLE STATEMENT
Title Thomas Francis Galwey papers,
Inclusive dates 1861-1908.
300 ## - PHYSICAL DESCRIPTION
Extent 3
Type of unit items.
300 ## - PHYSICAL DESCRIPTION
Extent 1
Type of unit container.
506 0# - RESTRICTIONS ON ACCESS NOTE
Terms governing access Open to research.
520 8# - SUMMARY, ETC.
Summary, etc. Three volume diaries (1861-1864) concerning Galwey's Civil War experiences in Virginia as a member of the Ohio Infantry, 8th Regiment. Also includes correspondence, clippings, and programs (1864-1908).
545 0# - BIOGRAPHICAL OR HISTORICAL DATA
Biographical or historical data Union soldier.
546 ## - LANGUAGE NOTE
Language note Collection material in English.
610 10 - SUBJECT ADDED ENTRY--CORPORATE NAME
Corporate name or jurisdiction name as entry element United States.
Subordinate unit Army.
-- Ohio Infantry Regiment, 8th (1861-1865)
651 #0 - SUBJECT ADDED ENTRY--GEOGRAPHIC NAME
Geographic name Virginia
General subdivision History
Chronological subdivision Civil War, 1861-1865.
656 #7 - INDEX TERM--OCCUPATION
Occupation Soldiers.
Source of term itoamc

No items available.

Powered by Koha